Stick Season - Noah Kahan (All Lyrics) - Statistics

General Stats
  • This quiz has been taken 441 times
  • The average score is 359 of 419
Answer Stats
Lyrics % Correct
I
100%
a
99%
the
99%
you
98%
You
98%
of
97%
that
97%
That
97%
and
96%
And
96%
season
96%
sticks
96%
your
96%
but
95%
But
95%
it
95%
my
95%
My
95%
for
94%
it's
94%
mom,
94%
she
94%
to
94%
forgot
93%
love
93%
me
93%
half
92%
half,
92%
saw
92%
drink
91%
existed
91%
fault,
91%
just
91%
Vermont,
91%
like
90%
victim
90%
alcohol
89%
Christmas
89%
come
89%
friends
89%
have
89%
have,
89%
Have
89%
home
89%
No,
89%
no
89%
play
89%
'til
89%
I'll
88%
not
88%
on
88%
So
88%
do
86%
night
86%
some
86%
version
86%
was
86%
all
85%
dream
85%
each
84%
lose
84%
Now
81%
now
81%
As
80%
as
80%
did
80%
in
80%
might
80%
'cause
79%
told
78%
shoes
77%
can't
76%
combined
76%
pair
76%
through
76%
Covid
75%
I'm
75%
miles
75%
one
75%
promised
75%
than
75%
way
75%
call
74%
drive
74%
had
74%
more
74%
theres
74%
tire
74%
Doc
73%
split
73%
travel,
73%
am
72%
tracks
72%
you're
72%
back
71%
heart
71%
left
71%
planes
71%
change
70%
Dad
70%
exit
70%
future
70%
that'll
70%
halfway
69%
Kept
69%
miss
69%
other
69%
our
69%
passed
69%
right
69%
when
69%
from
68%
sign
68%
still
68%
could
67%
drivin'
67%
laugh
67%
must've
67%
off
66%
though
66%
voice
66%
funny
65%
longer
65%
see
65%
straight
65%
called
64%
if
64%
inherited
64%
somethin'
64%
anger
63%
"forever",
63%
out
63%
rains
63%
Because
62%
good
62%
stuck
62%
thought
62%
weed
62%
yourself
62%
between
61%
darkness
61%
bad
60%
cancel
60%
Oh,
60%
once
60%
smoking
60%
weather
60%
doubt
59%
exactly
59%
memories
59%
passin'
59%
terrified
58%
hope
57%
this
57%
even
56%
trailed
56%
replace
55%
something
53%
pain's
52%
face
50%
piled
50%
are
41%
blame
41%
does
38%
No matching quizzes found
Score Distribution
Percent of People with Each Score
Percentile by Number Answered
Your Score History
You have not taken this quiz